000
00243nam a2200109Ia 4500
008
200302s9999 xx 000 0 und d
100
_a
Derek Walker
245
_a
Great Engineers
260
_b
St Martins Press
260
_c
1987
300
_a
288P.,
999
_c
961
_d
961